01878nam a2200301 a 4500001001000000005001700010008004100027041000800068044000700076084002300083100010600106245017600212260001900388300002600407500004500433500025200478500004400730500023400774500002801008500006201036506009201098546004901190600010601239650007501345651006101420700006801481700002701549BRCA_502520190320204917.0011110s1834----mx-######v---#000-0#spa-# aspa amx aDOC96Ab.G66c18341 aGómez Farias, José María ValentíncVice-Presidente de los Estados Unidos Mexicanosd1781-185810aDocumento firmado por el C. Valentín Gómez Farias Vice-Presidente de los Estados Unidos MexicanoscValentín Gómez Farias, Eduardo Goroztiza, Juan Manuel Escalante. aMéxicoc1834 a[2] fojasc30 x 21 cm aDocumento firmado el 11 de Marzo de 1834 aDon Valentín Gómez Farias Vice-Presidente de los Estados Unidos Mexicanos nombra escribiente cuarto de la Secretaría de Estado y Despacho de Relaciones Exteriores a Don Eduardo Goroztiza por ascenso de Don Juan Manuel Escalante. Sueldo 600. aEl documento tiene la leyenda DOC. #257 aAl márgen escudo Nacional Mexicano abultado, encabezado con escudo del Águila Republicana y leyenda: SELLO SEGUNDO. DOCE REALES PARA LOS AÑOS MIL OCHOCIENTOS TREINTA Y DOS Y OCHOCIENTOS TREITA Y TRES. Contiene sello lacrado aPapel con marca de agua aEstado de conservación: tiene rasgos de acidificación0 aFondo reservado: para su consulta es necesario credencial de usuario y carta de motivos aTexto en: español a mediados del siglo XIX14aGómez Farias, José María ValentíncVice-Presidente de los Estados Unidos Mexicanosd1781-185814aDocumentos legalesvImpreso con rúbricasxRelaciones internacionales 4aMéxicoxHistoriayFederalismo y centralismo, 1824-18531 aGoroztiza y Cepeda, Manuel María del Pilar Eduardod1789-18511 aEscalante, Juan Manuel